[Event "Julian Mazur Memorial"]
[Site "Wellington Chess Club"]
[Date "2020.08.06"]
[Round "8.1"]
[White "Croad, Nicolas"]
[Black "Dive, Russell"]
[Result "1-0"]
[WhiteElo "2440"]
[BlackElo "2414"]

1. e4 e5 2. Nf3 d6 3. d4 Nd7 4. Bc4 c6 5. dxe5 dxe5 6. Bxf7+ Kxf7 7. Nxe5+ Ke7
8. Bg5+ Ngf6 9. Nc4 Nb6 10. Nxb6 Qxb6 11. O-O h6 12. Be3 Qa5 13. Nd2 Kf7 14. c3
Be6 15. h3 Qh5 16. Qe1 Bc5 17. f4 Bxe3+ 18. Qxe3 Qb5 19. f5 Bc8 20. e5 Re8 21.
Rae1 Kg8 22. Qg3 Nh5 23. Qg6 Bxf5 24. Rxf5 Qd5 25. Nf3 1-0

[Event "Julian Mazur Memorial"]
[Site "Wellington Chess Club"]
[Date "2020.08.06"]
[Round "8.2"]
[White "Ker, Anthony"]
[Black "Cilia Vincenti, David"]
[Result "1-0"]
[WhiteElo "2437"]
[BlackElo "2264"]

1. e4 e5 2. Nf3 Nc6 3. d4 exd4 4. Bc4 Nf6 5. e5 Ng4 6. Qe2 Qe7 7. Bf4 f6 8.
exf6 Nxf6 9. Nbd2 d5 10. Bb5 Qxe2+ 11. Kxe2 a6 12. Bxc6+ bxc6 13. Rhe1 Bd6 14.
Kf1+ Kf7 15. Ne5+ Bxe5 16. Rxe5 Rb8 17. Nb3 c5 18. Rae1 Re8 19. Bg5 Rxe5 20.
Rxe5 c4 21. Nxd4 Rxb2 22. Bxf6 gxf6 23. Rxd5 Bb7 24. Rd7+ Kg6 25. Rxc7 Rb1+ 26.
Ke2 Bxg2 27. f3 Bh3 28. Kf2 Rb2 29. a4 Rb4 30. Kg3 Bf1 31. a5 c3 32. Ne6 Rc4
33. Nf8+ Kf5 34. Rxh7 Ke5 35. Kf2 Bd3 36. Re7+ Kf5 37. Rd7 1-0

[Event "Julian Mazur Memorial"]
[Site "Wellington Chess Club"]
[Date "2020.08.06"]
[Round "8.3"]
[White "Forster, Bill"]
[Black "Winter, Ryan"]
[Result "0-1"]
[WhiteElo "2019"]
[BlackElo "2166"]

1. e4 c5 2. Nf3 e6 3. d4 cxd4 4. Nxd4 Nc6 5. Be3 Qc7 6. Nc3 a6 7. Be2 Nf6 8.
O-O Bb4 9. f3 O-O 10. Na4 d5 11. Nxc6 Qxc6 12. e5 Nd7 13. c3 Be7 14. c4 dxc4
15. f4 Nc5 16. b3 Rd8 17. Qc2 Bd7 18. Nc3 cxb3 19. axb3 Rac8 20. Rac1 a5 21.
Qa2 Qb6 22. Bc4 Qc7 23. Qf2 Qb8 24. Rfd1 b5 25. Bxb5 Bxb5 26. Rxd8+ Bxd8 27.
Bxc5 Rxc5 28. Qxc5 Bb6 29. Nxb5 Bxc5+ 30. Rxc5 Qb6 0-1

[Event "Julian Mazur Memorial"]
[Site "Wellington Chess Club"]
[Date "2020.08.06"]
[Round "8.4"]
[White "Ackroyd, William"]
[Black "Pomeroy, Arthur"]
[Result "0-1"]
[WhiteElo "1439"]
[BlackElo "2021"]

1. e4 c5 2. Nf3 d6 3. d4 cxd4 4. Nxd4 Nf6 5. Nc3 a6 6. h3 g6 7. g4 Bg7 8. Bg2
O-O 9. O-O Nc6 10. Be3 Bd7 11. Nb3 b5 12. a3 Ne5 13. Nd2 Rc8 14. Ne2 Nc4 15.
Nxc4 Rxc4 16. Ng3 Bc6 17. b3 Rxe4 18. Nxe4 Nxe4 19. Bd4 e5 20. Bb2 f5 21. Qd3
Nxf2 $4 22. Rxf2 $4 (22. Bd5+ $1) 22... e4 23. Qg3 Bxb2 24. Rd1 Be5 25. Qxe5
dxe5 26. Rxd8 Rxd8 27. gxf5 Rd1+ 28. Kh2 e3 29. Re2 Rd2 30. Bf1 Bf3 0-1

[Event "Julian Mazur Memorial"]
[Site "Wellington Chess Club"]
[Date "2020.08.06"]
[Round "8.5"]
[White "Russell, Athula"]
[Black "Jelley, Arch"]
[Result "1-0"]
[WhiteElo "2250"]
[BlackElo "1500"]

1. d4 d5 2. Nf3 Bf5 3. c4 e6 4. Nc3 c6 5. Qb3 Qb6 6. c5 Qxb3 7. axb3 Nd7 8. b4
b5 9. Bf4 a6 10. e3 g6 11. Nxb5 cxb5 12. Bxb5 Kd8 13. Bxa6 Bd3 14. Kd2 Bxa6 15.
b5 Bxc5 16. dxc5 Nxc5 17. bxa6 Nb3+ 18. Kc3 Nxa1 19. Rxa1 f6 20. b4 Ne7 21. b5
Nc8 22. Kb4 Re8 23. Rd1 Nb6 24. Bd6 Kd7 25. Bc5 Rec8 1-0

[Event "Julian Mazur Memorial"]
[Site "Wellington Chess Club"]
[Date "2020.08.06"]
[Round "8.6"]
[White "Wojnar, Maciej"]
[Black "Symon, Christopher"]
[Result "0-1"]
[WhiteElo "2120"]
[BlackElo "1500"]

1. e4 c5 2. Nc3 Nc6 3. Bb5 g6 4. Bxc6 bxc6 5. f4 d6 6. Nf3 Bg7 7. d3 Nf6 8. O-O
O-O 9. Qe1 Bg4 10. Qh4 e6 11. f5 exf5 12. Bg5 Bh5 13. exf5 h6 14. fxg6 fxg6 15.
Bxf6 Bxf6 16. Qc4+ d5 17. Qxc5 Qd7 18. Nd4 Rac8 19. Rae1 Qg4 20. Ne6 Rce8 21.
Qxc6 Rxe6 22. Qxd5 Qd4+ 23. Kh1 Qxd5 24. Nxd5 Rxe1 25. Nxf6+ Rxf6 26. Rxe1 Rf2
27. Rc1 g5 28. h3 Bf7 29. Kg1 Rd2 30. c4 Rxb2 0-1

[Event "Julian Mazur Memorial"]
[Site "Wellington Chess Club"]
[Date "2020.08.06"]
[Round "8.7"]
[White "Wojnar, Jacek"]
[Black "Stone, Andrew"]
[Result "1-0"]
[WhiteElo "2052"]
[BlackElo "2043"]

1. Nc3 Nf6 2. e4 d6 3. f4 g6 4. Nf3 Bg7 5. Bc4 O-O 6. d3 c6 7. O-O Nbd7 8. e5
Nd5 9. Bxd5 cxd5 10. exd6 Qb6+ 11. Kh1 Qxd6 12. Bd2 b6 13. Qe2 e6 14. Rae1 Bb7
15. a3 a5 16. Ne5 Qe7 17. Qf2 Nxe5 18. fxe5 Qc7 19. Qf4 d4 20. Qxd4 Rad8 21.
Qf4 Rd5 22. Nxd5 Bxd5 23. c3 1-0

[Event "Julian Mazur Memorial"]
[Site "Wellington Chess Club"]
[Date "2020.08.06"]
[Round "8.8"]
[White "Jackson, Ross"]
[Black "Malyavin, Ilya"]
[Result "1-0"]
[WhiteElo "2030"]
[BlackElo "1500"]

1. d4 d6 2. e4 Nf6 3. f3 g6 4. Bg5 Bg7 5. Qd2 h6 6. Be3 Nc6 7. c3 e5 8. d5 Ne7
9. Bd3 g5 10. c4 b6 11. Nc3 Bd7 12. Nge2 c6 13. dxc6 Nxc6 14. Nb5 Be6 15. Bc2
O-O 16. b3 Qd7 17. Rd1 Rad8 18. h4 g4 19. Bxh6 gxf3 20. gxf3 Ne8 21. Bxg7 Nxg7
22. Qg5 Qe7 23. Qxe7 Nxe7 24. Nxd6 Nc6 25. Nb5 Rxd1+ 26. Bxd1 Nb4 27. Nc1 a6
28. Nc7 Rd8 29. Nd5 Bxd5 30. exd5 a5 31. a3 Na6 32. Nd3 f6 33. Kd2 Rd7 34. Kc3
Nc7 35. a4 Rd8 36. b4 Rc8 37. Kb3 Nf5 38. Nf2 Ne8 39. Ne4 Ne3 40. Be2 f5 41.
Nd2 Nd6 42. Rc1 Nxd5 43. Rg1+ Kf7 44. cxd5 Rh8 45. Nc4 Nxc4 46. Bxc4 Rxh4 47.
d6+ Kf6 48. Rd1 Rh8 49. d7 Rd8 50. Bb5 Ke6 51. bxa5 bxa5 52. Kc4 e4 53. f4 Ke7
1-0

[Event "Julian Mazur Memorial"]
[Site "Wellington Chess Club"]
[Date "2020.08.06"]
[Round "8.9"]
[White "Dixon, Hamish"]
[Black "Laking, Robert"]
[Result "1-0"]
[WhiteElo "1679"]
[BlackElo "1944"]

1. e4 c5 2. Nf3 Nc6 3. d4 cxd4 4. Nxd4 Qc7 5. Nc3 e6 6. a3 Nf6 7. Be3 Be7 8.
Be2 O-O 9. O-O a6 10. f4 b5 11. e5 Ne8 12. Bd3 Nxd4 13. Bxd4 f5 14. Rf3 Bb7 15.
Rg3 Bc5 16. Bf1 d6 17. exd6 Qxd6 18. Bxc5 Qxc5+ 19. Kh1 Nf6 20. Qe1 Rae8 21.
Re3 Bd5 22. h3 h6 23. Rd1 Kh7 24. Bd3 Qc6 25. Rd2 g5 26. fxg5 hxg5 27. Rde2 Kg6
28. Nxd5 exd5 29. Re6 Rxe6 30. Rxe6 Qa8 31. Qe5 Qd8 32. Qxf5+ Kf7 33. Rxa6 1-0

[Event "Julian Mazur Memorial"]
[Site "Wellington Chess Club"]
[Date "2020.08.06"]
[Round "8.10"]
[White "He, Caleb"]
[Black "Winsley, Nicholas"]
[Result "1-0"]
[WhiteElo "1862"]
[BlackElo "1566"]

1. c4 Nf6 2. g3 e5 3. Bg2 d5 4. cxd5 Nxd5 5. Nc3 Be6 6. Nf3 Nc6 7. O-O Bc5 8.
Nxe5 Nxe5 9. d4 Nxc3 10. bxc3 Nd7 11. dxc5 Nxc5 12. Ba3 b6 13. Qd4 O-O 14. Bxc5
bxc5 15. Qxc5 Rb8 16. Rfd1 Qf6 17. Rd2 Qh6 18. e3 g6 19. Qxa7 Qg7 20. Qd4 Qh6
21. a4 Qg5 22. Qa7 Qe5 23. a5 Qxc3 24. Qd4 Qb3 25. a6 Rb4 26. Qd3 Qxd3 27. Rxd3
Rfb8 28. a7 Rb1+ 29. Rd1 1-0

[Event "Julian Mazur Memorial"]
[Site "Wellington Chess Club"]
[Date "2020.08.06"]
[Round "8.11"]
[White "Sole, Michael"]
[Black "Shepherd, Blake"]
[Result "1-0"]
[WhiteElo "2000"]
[BlackElo "1456"]

1. e4 e6 2. d4 d5 3. Nc3 dxe4 4. Nxe4 Nd7 5. g3 Ngf6 6. Nxf6+ Nxf6 7. Bg2 c6 8.
Nf3 Qb6 9. O-O Be7 10. c3 O-O 11. Qe2 h6 12. b3 Re8 13. Bb2 Bd6 14. c4 Qd8 15.
Rad1 b6 16. Ne5 Bxe5 17. dxe5 Nd7 18. Bxc6 Rb8 19. Qd2 Re7 20. Qd6 Ba6 21. Ba3
1-0

[Event "Julian Mazur Memorial"]
[Site "Wellington Chess Club"]
[Date "2020.08.06"]
[Round "8.12"]
[White "Webster, Jamie"]
[Black "He, Paul"]
[Result "0-1"]
[WhiteElo "1747"]
[BlackElo "1911"]

1. e4 c5 2. Nf3 g6 3. d4 cxd4 4. Nxd4 Bg7 5. c4 Nc6 6. Be3 Nf6 7. Nc3 O-O 8.
Be2 d6 9. O-O a6 10. f3 e6 11. Rc1 Qc7 12. Qd2 Bd7 13. Nc2 Na5 14. Rfd1 Nxc4
15. Bxc4 Qxc4 16. Qxd6 Qc6 17. e5 Nd5 18. Nxd5 exd5 19. Qxd5 Qxd5 20. Rxd5 Be6
21. Ra5 b5 22. f4 Rfc8 23. Nb4 Rxc1+ 24. Bxc1 Bf8 25. Rxa6 Bc5+ 26. Kh1 Rd8 0-1

[Event "Julian Mazur Memorial"]
[Site "Wellington Chess Club"]
[Date "2020.08.06"]
[Round "8.13"]
[White "Stannard, Bobby"]
[Black "Aldridge, Alan"]
[Result "1-0"]
[WhiteElo "1504"]
[BlackElo "1870"]

1. e4 e5 2. Nf3 Nc6 3. d4 exd4 4. Nxd4 Bc5 5. Nxc6 bxc6 6. Nc3 Qf6 7. Qd2 Bb4
8. Bd3 Ne7 9. O-O O-O 10. a3 Bxc3 11. Qxc3 Qxc3 12. bxc3 d6 13. Re1 Rb8 14. Be3
c5 15. c4 Nc6 16. f4 f6 17. Rab1 Ba6 18. g3 Na5 19. e5 fxe5 20. Rxb8 Rxb8 21.
fxe5 Bxc4 22. exd6 cxd6 23. Bf4 Rd8 24. Re7 Bxd3 25. cxd3 Nc6 26. Rc7 Ne5 27.
d4 Nf3+ 28. Kf2 Nxd4 29. Rxa7 h6 30. Be3 Rf8+ 31. Kg2 Nc2 32. Bf4 Rd8 33. a4 g5
34. Bd2 d5 35. a5 c4 36. a6 d4 37. Rb7 c3 38. Bxc3 dxc3 39. a7 Ne3+ 40. Kf3 g4+
41. Kxe3 c2 42. Rc7 Ra8 43. Kd2 Kf8 44. Kxc2 Ke8 45. Rb7 1-0

[Event "Julian Mazur Memorial"]
[Site "Wellington Chess Club"]
[Date "2020.08.06"]
[Round "8.14"]
[White "Van der Hoorn, Thomas"]
[Black "Ashe, Michael"]
[Result "0-1"]
[WhiteElo "1522"]
[BlackElo "1748"]

1. e4 e6 2. d4 d5 3. Nc3 Nf6 4. e5 Nfd7 5. f4 c5 6. Nf3 Nc6 7. Be3 cxd4 8. Nxd4
Bc5 9. Qd2 O-O 10. O-O-O a6 11. Nb3 Bb4 12. Bd3 b5 13. g4 Nb6 14. Nd4 Nxd4 15.
Bxd4 Nc4 16. Bxc4 bxc4 17. Qf2 Bd7 18. f5 Bxc3 19. Bxc3 Qg5+ 20. Kb1 exf5 21.
Rxd5 Bc6 22. h4 Qe7 23. Rhd1 Bxd5 24. Rxd5 Rad8 25. Rxd8 Rxd8 26. Qe2 Qxh4 27.
gxf5 Qh1+ 28. Be1 Qe4 0-1

[Event "Julian Mazur Memorial"]
[Site "Wellington Chess Club"]
[Date "2020.08.06"]
[Round "8.15"]
[White "Carroll, Lewis"]
[Black "Ross, Matt"]
[Result "1/2-1/2"]
[WhiteElo "1681"]
[BlackElo "1889"]

1. Nf3 d5 2. c4 Nf6 3. cxd5 Nxd5 4. e4 Nb6 5. d4 Bg4 6. h3 Bxf3 7. gxf3 e6 8.
Nc3 N8d7 9. Be3 Bb4 10. a3 Bxc3+ 11. bxc3 Qe7 12. c4 e5 13. c5 Nc8 14. Qa4 c6
15. Rb1 Rb8 16. Qc4 O-O 17. d5 Qf6 18. Be2 Ne7 19. Rg1 Ng6 20. Bg5 cxd5 21.
exd5 Qf5 22. Bd3 Qxf3 23. Rg3 Qh1+ 24. Kd2 Qh2 25. Be3 Nf4 26. Rbg1 Nh5 27.
Rxg7+ Nxg7 28. Qg4 Qxg1 29. Qxg1 f5 30. Bh6 Rf7 31. Bxf5 Nxc5 32. Be6 Nxe6 33.
dxe6 Re7 34. Qg5 Rbe8 35. Bxg7 Rxg7 36. Qxe5 Rge7 37. Qd5 Rxe6 38. Qxb7 R8e7
39. Qd5 Kg7 40. Kd3 Re1 41. Qg2+ Kf6 42. f4 R1e3+ 43. Kd4 R3e6 44. Qg5+ Kf7 45.
f5 Rd7+ 1/2-1/2

[Event "Julian Mazur Memorial"]
[Site "Wellington Chess Club"]
[Date "2020.08.06"]
[Round "8.17"]
[White "Rabina, Romeo"]
[Black "Kibblewhite, Daniel"]
[Result "0-1"]
[WhiteElo "1683"]
[BlackElo "1640"]

1. b3 d5 2. e3 e5 3. Bb2 Nc6 4. Bb5 Ne7 5. Bxe5 a6 6. Be2 Nxe5 7. Nf3 Nxf3+ 8.
Bxf3 g6 9. Nc3 Bg7 10. d4 O-O 11. O-O c6 12. Na4 Nf5 13. Be2 Qg5 14. g3 Nd6 15.
Kg2 Bf5 16. Nc3 Ne4 17. Nxe4 Bxe4+ 18. Bf3 Bxf3+ 19. Qxf3 Qf6 20. Qd1 Qe7 21.
Qd2 c5 22. c3 cxd4 23. exd4 Rfe8 24. Rfe1 Qd7 25. Re3 Rxe3 26. Qxe3 Re8 27. Qd2
Qe6 28. Kg1 Qe2 29. Qf4 Qb2 30. Qc1 Qxc1+ 31. Rxc1 Re2 32. Kf1 Rxa2 33. Re1 Rc2
34. Re8+ Bf8 35. Rc8 Kg7 36. c4 Bb4 37. c5 Rd2 38. Rb8 Rxd4 39. Rxb7 Bxc5 0-1

[Event "Julian Mazur Memorial"]
[Site "Wellington Chess Club"]
[Date "2020.08.06"]
[Round "8.18"]
[White "Shyamsundar, Tejas"]
[Black "Darr, Samuel"]
[Result "1-0"]
[WhiteElo "1500"]
[BlackElo "1652"]

1. e4 e6 2. d4 d5 3. e5 c5 4. c3 Nc6 5. Nf3 Qb6 6. a3 Nh6 7. b4 cxd4 8. cxd4
Nf5 9. Be3 a5 10. b5 Na7 11. a4 Bb4+ 12. Nbd2 Bc3 13. Rc1 Bxd4 14. Nxd4 Nxd4
15. Nb3 O-O 16. Nxd4 Bd7 17. Nf5 Qd8 18. Nd6 b6 19. Bd3 Nc8 20. Nxc8 Rxc8 21.
Rxc8 Qxc8 22. Qc2 Qb7 23. Bxh7+ Kh8 24. Bd3 Rc8 25. Qe2 d4 26. Bd2 Qxg2 27. Be4
Qh3 28. Qf3 Qh4 29. Bc6 Bxc6 30. bxc6 Qh7 31. Ke2 Qc2 32. Rc1 Qxa4 33. Qxf7
Rxc6 34. Qe8+ Kh7 35. Qxc6 d3+ 36. Ke1 Qg4 37. Kf1 Qe2+ 38. Kg1 Qxd2 39. Qe4+
Kh6 40. Qe3+ Qxe3 41. fxe3 Kg5 42. Rd1 Kf5 43. Rxd3 Kxe5 44. Rb3 Ke4 45. Kf2
Kd5 46. Rxb6 Kc4 47. Rxe6 a4 48. Re8 a3 49. Ra8 Kb3 50. e4 a2 51. Rxa2 1-0

[Event "Julian Mazur Memorial"]
[Site "Wellington Chess Club"]
[Date "2020.08.06"]
[Round "8.19"]
[White "Cooke, Xandi"]
[Black "Farrington, Lawrence"]
[Result "0-1"]
[WhiteElo "1444"]
[BlackElo "1639"]

1. e4 { This game I did some preparation, watching some videos on the two
knights French. I'm usually a d4 player but I knew the French was coming no
matter what.} 1... e6 2. Nf3 d5 3. Nc3 c5 4. exd5 exd5 5. Bb5+ Nc6 6. Qe2+ Be7
7. d4 a6 8. Bxc6+ bxc6 9. dxc5 d4 10. Ne4 Be6 11. Nfg5 {This move took me 15
minutes} 11... Qd5 12. Bf4 {Bam, I believed I was winning here with ideas of
the variation below} 12... Nf6 13. O-O {But I didn't like that too much
(13.Nd6+ Kf8 14.O-O)} 13... Nxe4 14. Nxe4 O-O 15. b4 {White offers draw} 15...
a5 {Black declines} 16. a3 Rfd8 17. Bc7 Rd7 18. Bxa5 Rxa5 {I still honestly do
not understand this move, it seems a bit like a free piece to me.} 19. bxa5
Bxc5 20. c4 {This is where my acting skills come in. I pretended that I made a
bad move and blundered baiting out the alternative line below. But I obviously
need to go to drama classes or something} 20... Qe5 (20... Qxc4 21. Qxc4 Bxc4
22. Rfc1) 21. Rfc1 Ba7 22. Rab1 f5 23. Ng3 Qxe2 24. Nxe2 d3 25. Nc3 {I was
deciding between this and Nf4 (The much better move), however I stupidly
thought this was better at the time.   (25.Nf4 d2 26.Rd1 Bxc4)} 25... Bxc4 26.
Rb4 Be6 {Black now offered a draw} 27. Rd1 {and I (stupidly) declined as I
believe my material advantage is enough} 27... c5 28. Rb2 c4 29. Kf1 Bd4 30.
Rc1 g6 (30... Bxc3 31. Rxc3 d2) 31. Rd2 Rb7 32. Na2 Rb3 33. Nb4 Rxa3 34. Nc6
Bc3 35. Rdd1 Bf6 36. Re1 {Immediately spotting the horrible blunder, I quickly
offered a draw, but unfortunately, he was too on to it.} 36... d2 37. Rb1
dxe1=Q+ 38. Kxe1 Rb3 39. Ra1 {At this point, I was not thinking about my moves
much. Quite evidently.} 39... Bxa1 40. a6 Bd5 41. Ne7+ Kf7 42. Nxd5 {When this
happened, I could compare it to counting sand grains in a bucket. You have
counted 1000 grains of sand. But you know there are at least 1 million more.}
42... Ra3 43. Nc7 Be5 44. Nd5 Rxa6 45. f4 Ra1+ 46. Kf2 Bd4+ 47. Kf3 c3 48. Nxc3
Bxc3 49. g4 Ra2 50. g5 Rxh2 51. Kg3 Rh1 52. Kg2 Ra1 53. Kh3 Ke6 54. Kh4 Kd5 55.
Kh3 {Playing on for stalemate} 55... Ke4 56. Kg3 Be1+ 57. Kg2 Kxf4 58. Kh3 Kxg5
59. Kg2 f4 60. Kh3 f3 61. Kh2 f2 62. Kh3 f1=Q+ 63. Kh2 Ra2# {Absolute pain. }
0-1

[Event "Julian Mazur Memorial"]
[Site "Wellington Chess Club"]
[Date "2020.08.06"]
[Round "8.20"]
[White "Dunlop, Rafe"]
[Black "Hurndell, Robert"]
[Result "0-1"]
[WhiteElo "1397"]
[BlackElo "1623"]

1. e4 c5 2. Nf3 d6 3. d4 cxd4 4. Nxd4 Nf6 5. Nc3 g6 6. Be3 Bg7 7. f3 O-O 8. Qd2
Nc6 9. O-O-O Bd7 10. Kb1 Rc8 11. g4 Ne5 12. h4 h5 13. gxh5 Nxh5 14. f4 Nc4 15.
Qf2 Nxe3 (15... Nxb2 $1 16. Kxb2 Qb6+ 17. Ndb5 (17. Nb3 Bxc3+) 17... Bxc3+ $19)
16. Qxe3 Bg4 17. Be2 Bxe2 18. Ncxe2 Qb6 19. f5 e5 20. fxg6 exd4 21. gxf7+ Rxf7
22. Nxd4 Rcf8 23. Rhg1 Rf3 $2 24. Qh6 Qxd4 25. Rxd4 Rf1+ 26. Rxf1 Bxh6 27.
Rxf8+ Bxf8 28. Rd5 Nf6 29. Rd4 Nd7 30. c4 b6 31. Kc2 Kf7 32. Rd5 Ke6 33. Kd3
Ne5+ 34. Kc3 Bg7 35. Kb3 a6 36. h5 Nc6 37. Ka3 Ne5 38. b4 Nxc4+ 39. Kb3 Ne5 40.
Rd1 Kf6 41. Rg1 Bh6 42. Kc3 Bd2+ 43. Kxd2 Nf3+ 44. Kd3 Nxg1 45. h6 Nf3 46. h7
Kg7 47. h8=Q+ Kxh8 48. Kc4 Ng5 49. Kd5 Nf7 50. Kc6 Kg7 51. Kxb6 Ng5 52. Kxa6
Nxe4 53. b5 d5 54. b6 d4 55. b7 Nc5+ {White resigned in a drawn position} 0-1

[Event "Julian Mazur Memorial"]
[Site "Wellington Chess Club"]
[Date "2020.08.06"]
[Round "8.21"]
[White "Stannard, Lars"]
[Black "Bielski, Nikolas"]
[Result "1-0"]
[WhiteElo "1552"]
[BlackElo "1500"]

1. d4 Nf6 2. Bf4 e6 3. Nf3 Nc6 4. e3 a6 5. Bd3 d5 6. Nbd2 Nb4 7. Qe2 Bd6 8.
Bxd6 Qxd6 9. a3 Nxd3+ 10. Qxd3 Bd7 11. Qb3 O-O 12. O-O Rfc8 13. Rfc1 b5 14. Ne5
Be8 15. Qd3 Nd7 16. Ndf3 f6 17. Nxd7 Bxd7 18. b3 e5 19. dxe5 fxe5 20. e4 d4 21.
b4 Qg6 22. Nxe5 Qd6 23. Nf3 Rf8 24. Qxd4 Bg4 25. Qxd6 cxd6 26. Nd4 Rac8 27. f3
Bd7 28. c3 Be8 29. Nf5 Rd8 30. Ne3 Bf7 31. a4 Rfe8 32. axb5 axb5 33. Rd1 g6 34.
Rd2 Re5 35. Rad1 Rc8 36. Rxd6 Rxc3 37. Nd5 Rb3 38. Rb6 Be8 39. Rc1 Bf7 40. Rxb5
Bxd5 41. Rxd5 Rxd5 42. exd5 Kf8 43. Rc4 Ke7 44. Rc7+ Kd6 45. Rxh7 Kxd5 46. Rg7
Rxb4 47. Rxg6 Ke5 48. h3 Rb2 49. Kh2 Kf5 50. Rg4 Rb7 51. Kg3 Rb6 52. h4 Rb3 53.
Rg5+ Kf6 54. Kg4 Rb2 55. g3 Rb4+ 56. f4 Rb3 57. h5 Rb7 1-0

[Event "Julian Mazur Memorial"]
[Site "Wellington Chess Club"]
[Date "2020.08.06"]
[Round "8.22"]
[White "Asher, Bruce"]
[Black "Osborne, Geoff"]
[Result "1-0"]
[WhiteElo "1187"]
[BlackElo "1287"]

1. d4 Nf6 2. c4 g6 3. Nf3 Bg7 4. Nc3 d6 5. e3 O-O 6. Be2 Nbd7 7. O-O e5 8. b3
Nh5 9. e4 Nf4 10. Bxf4 exf4 11. g3 f5 12. gxf4 Nf6 13. Ng5 Bh6 14. e5 Bxg5 15.
fxg5 Ne8 16. c5 Qxg5+ 17. Kh1 Be6 18. f4 Qh6 19. d5 Bd7 20. e6 Bc8 21. Bb5 Qg7
22. Qf3 Qe7 23. Rfe1 Nf6 24. cxd6 cxd6 25. Rac1 a6 26. Bd3 Rb8 27. Rg1 Kh8 28.
Qh3 Rg8 29. Qh4 b5 30. Rg3 Rb7 31. Rcg1 Qe8 32. Qxf6+ Rbg7 33. Bxf5 Rf8 34. Qg5
Rxf5 35. Qh6 Rh5 36. Qxh5 gxh5 37. Rxg7 b4 38. Ne4 h6 39. Nf6 Bxe6 40. Rh7# 1-0

[Event "Julian Mazur Memorial"]
[Site "Wellington Chess Club"]
[Date "2020.08.06"]
[Round "8.23"]
[White "Wang, Cheng Qi(Max)"]
[Black "Coppenolle, Florian"]
[Result "1/2-1/2"]
[WhiteElo "1500"]
[BlackElo "1500"]

1. e4 d5 2. exd5 Qxd5 3. Nc3 Qd6 4. d4 Nc6 5. Nf3 Bg4 6. Bc4 Nxd4 7. Qxd4 Qxd4
8. Nxd4 O-O-O 9. Nde2 Nf6 10. Bg5 g6 11. Bxf6 exf6 12. Bxf7 Bb4 13. h3 Bf5 14.
Rc1 Rhf8 15. Bc4 Rfe8 16. O-O h5 17. Ng3 Bd7 18. Rcd1 h4 19. Nge2 g5 20. Rd2 g4
21. hxg4 Bxg4 22. Rxd8+ Kxd8 23. Rd1+ Kc8 24. a3 Bxc3 25. bxc3 Bxe2 26. Bxe2
Rxe2 27. Rc1 Kd7 28. Kf1 Re5 29. Re1 Ra5 30. Ra1 Kc6 31. Ke2 Kc5 32. Kd3 Ra4
33. g3 hxg3 34. fxg3 Rg4 35. Rg1 b6 36. Kd2 Kc4 37. Rg2 Rg5 38. g4 Rd5+ 39. Ke3
Kxc3 40. Ke4 Rd6 41. Kf5 c5 42. Kg6 b5 43. Kf7 b4 44. axb4 cxb4 45. Ke7 Rb6 46.
Kd7 a5 47. Kc7 Ra6 48. Kb7 Re6 49. g5 fxg5 50. Rxg5 Kxc2 51. Rxa5 b3 52. Ra1 b2
53. Ra2 Kb3 54. Ra5 Re4 55. Rb5+ Rb4 56. Rxb4+ Kxb4 57. Kc6 b1=N 1/2-1/2

[Event "Club Championships A Grade"]
[Site "Wellington Chess Club"]
[Date "2020.10.01"]
[Round "1.1"]
[White "Croad, Nicolas"]
[Black "Stone, Andrew"]
[Result "1-0"]
[WhiteElo "2440"]
[BlackElo "2043"]

1. e4 e5 2. Nf3 Nc6 3. d4 exd4 4. Bc4 Nf6 5. e5 d5 6. Bb5 Ne4 7. Nxd4 Bd7 8.
Bxc6 bxc6 9. O-O Be7 10. f3 Nc5 11. f4 Ne4 12. Nc3 Nxc3 13. bxc3 c5 14. Ne2 Bb5
15. f5 d4 16. Rf3 Qd5 17. Bf4 g5 18. f6 gxf4 19. fxe7 Rg8 20. Nxf4 Qxe5 21. Qe1
Qxe7 22. Nd5 Qxe1+ 23. Rxe1+ Kd8 24. Rxf7 Bc6 25. Nf4 1-0

[Event "Club Championships A Grade"]
[Site "Wellington Chess Club"]
[Date "2020.10.01"]
[Round "1.2"]
[White "Forster, Bill"]
[Black "Ker, Anthony"]
[Result "0-1"]
[WhiteElo "2019"]
[BlackElo "2437"]

1. d4 Nf6 2. c4 e6 3. Nc3 Bb4 4. Bg5 c5 5. d5 Bxc3+ 6. bxc3 h6 7. Bh4 d6 8. e3
e5 9. Bd3 Qe7 10. h3 Nbd7 11. Qa4 Kd8 12. Rb1 Kc7 13. Ne2 Nb6 14. Qa5 Bd7 15.
Nc1 g5 16. Bg3 Nh5 17. Bh2 f5 18. Nb3 f4 19. Nd2 Nf6 20. Kd1 Rhg8 21. Kc2 fxe3
22. fxe3 g4 23. hxg4 Nxg4 24. Bg1 Qg5 25. Rh3 Nf6 26. Rh2 e4 27. Be2 h5 28. Qa3
Ng4 29. Rh3 Ne5 30. Rh2 Bg4 31. Bf1 Rgf8 32. Nxe4 Qg6 33. Bd3 Nxd3 34. Kxd3
Rfe8 0-1